000 00437nam a2200205Ia 4500
001 084460
003 YMCAF
005 20230512161453.0
008 100717s2002 ||||||||||||||||| ||und|d
024 _a84460
035 _a23920
040 _aYMCAF
_beng
_cIN-KoLT
041 _aeng
082 _a621.382
_bSIN
100 _aSingh/Sapre
245 0 _aCommunication systems
260 _bTMH
_c2002
300 _a592
942 _2ddc
_cBK
999 _c8833
_d8833